LEADER 01502nam a2200349 u 4500 001 000000003836 003 CaOOAMICUS 005 20070226104602.0 008 941010s1990 it u000 u ita u 020 $a8831191845 035 $a10101716 040 $aPUL(R)$bita$dEFR 041 1 $aita$agre 245 03$aLe fonti greche su Sant'Ambrogio /$ca cura di Cesare Pasini. 246 38$aOpera omnia di Sant'Ambrogio 260 $aMilano :$bBiblioteca Ambrosiana ;$aRoma :$bCittà Nuova,$c1990. 300 $a466 p. ;$c24 cm 490 1 $aTutte le opere di sant'Ambrogio.$aSussidi ;$v24,1 500 $aIndex: p. [443]-464. 504 $aBibliographie: p. [17]-34. 600 04$aAmbrosius,$cs., vesc. di Milano,$dc. 340-397.$0(OLS)http://pul/subject/2062 700 1 $aPasini, Cesare,$csac.,$d1950-$0(OLS)http://pul/name/3986 830 0$aTutte le opere di sant'Ambrogio.$pSussidi ;$v24,1.$0(OLS)http://pul/title/5597 850 $aPUL 852 $aPUL$W1$xSL Religione 1$y3$m21 L 24/1$j5287$nBK-PRI$b $qStampati$B5287$CPULBib$Z2$F5287 $H $81 941 1 $a8 961 $aINV: 66089 996 $6020$a8831191845$9(OLS)http://pul/number/4995 996 $6245$aLe fonti greche su Sant'Ambrogio$9(OLS)http://pul/title/5602 996 $6246$aOpera omnia di Sant'Ambrogio$9(OLS)http://pul/title/5596 996 $6260$aMilano :$bBiblioteca Ambrosiana$9(OLS)http://pul/publisher/49058 996 $6260$aRoma :$bCittà Nuova$9(OLS)http://pul/publisher/47927 LEADER 01360nam a2200253 i 4500 001 000000107628 003 CaOOAMICUS 005 20071015141816.0 008 071015s2006 it u100 u ita r 040 $aPUL$bita$dLDB 111 2 $aGiornate di riflessione teologica$n(1 :$d2005 :$cRoma).$0(OLS)http://pul/name/66045 245 10$aTeologia contestualizzata :$bla teologia vista dai giovani gesuiti oggi /$cFrancisco Lopez Rivera, Malulu Gauthier ; Colleggio internazionale del Gesù. 260 $aRoma :$bColleggio internazionale del Gesù,$c2006. 300 $a109 p. ;$c20 cm. 500 $aSul front.: Atti delle Prime giornate di riflessione teologica (Roma, dal 14 al 15 febbraio 2005). 650 14$aTeologia$xCongressi.$0(OLS)http://pul/subject/7855 700 1 $aGauthier, Malulu,$cS.I.$0(OLS)http://pul/name/66047 700 1 $aLopez Rivera, Francisco,$cS.I.$0(OLS)http://pul/name/66046 710 2 $aColleggio internazionale del Gesù.$0(OLS)http://pul/name/66048 850 $aPUL 852 $aPUL$W1$xSL Religione 3$y85$m230 LOPFR 1$j122357$qDDC 21$B121335$CPULBib$Z2$F121335 $H104909 $82 941 1 $a9 996 $6245$aTeologia contestualizzata :$bla teologia vista dai giovani gesuiti oggi$9(OLS)http://pul/title/135516 996 $6260$aRoma :$bColleggio internazionale del Gesù$9(OLS)http://pul/publisher/79465